000 00287nam a22001337a 4500
008 171124b xxu||||| |||| 00| 0 eng d
020 _a9781560986898
041 _aeng
080 _a591
100 _a7
101 _aZOO
245 _aETHICS ON THE ARK
_cBRYAN.G
942 _2udc
_cBK
999 _c38419
_d38419